[Event "45th Olympiad 2024"]
[Site "Budapest HUN"]
[Date "2024.09.16"]
[Round "6.66"]
[Board "4"]
[White "Kefalas, Loukas"]
[Black "Samuel Merhawi Gebrehiwet"]
[Result "0-1"]
[WhiteElo "1912"]
[BlackElo "1788"]
[PlyCount "100"]
[EventDate "2024.09.11"]
[WhiteTeam "Cyprus"]
[BlackTeam "Eritrea"]
[WhiteTeamCountry "CYP"]
[BlackTeamCountry "ERI"]

1. e4 c5 2. Nf3 Nc6 3. Bb5 g6 4. O-O Bg7 5. c3 Qb6 6. a4 Nf6 7. e5 Nd5 8. d4 cxd4 9. cxd4 O-O 10. Nc3 Nxc3 11. bxc3 d5 12. exd6 exd6 13. h3 $146 ({RR} 13. Ba3 a6 14. Bc4 Qc7 15. Nd2 Na5 16. Qe2 Bd7 17. Bb4 Rae8 18. Bxa5 Qxa5 19. Qf3 Bc6 20. Qd3 Qc7 21. Bb3 Qe7 22. Bd1 Qg5 23. Bf3 d5 24. Rfd1 Rd8 25. Nb3 Rc8 26. Nc5 Rfd8 27. Qc2 Bf8 {0-1 Schmidt,G-Pfreundtner,B (2116) Rhein Main op 02nd 1999 (2)}) ({RR} 13. Ba3 Qc7 14. Ng5 Qe7 15. Qd2 h6 16. Nf3 Rd8 17. Rfe1 Qf6 18. Re3 Bd7 19. Qa2 Re8 20. Rae1 Rxe3 21. Rxe3 a6 22. Bc4 Re8 23. Qb2 Rxe3 24. fxe3 Bc8 25. Qb6 Qe7 26. Kf2 g5 27. h3 h5 {1-0 Leow,L (2455)-Markzon,G (2275) New York op 1992 (5)}) 13... Bf5 14. Ba3 Rfd8 15. Re1 Qc7 16. g4 Bd7 17. Nd2 d5 18. Nf1 a6 19. Be2 Na5 20. Bf3 Be6 21. Bb4 Nc4 22. a5 Bh6 23. Kg2 Bf4 24. Qa4 Kg7 25. Ne3 Nxe3+ 26. Rxe3 Bxe3 27. fxe3 f5 28. Qa3 Rd7 29. Rf1 Re8 30. Qa2 fxg4 31. hxg4 Qd8 32. Qf2 Qg5 33. Qg3 Bf7 34. Qf4 Qxf4 35. exf4 h5 36. Rb1 hxg4 37. Bxg4 Be6 38. Bf3 Bf5 39. Rb2 Be4 40. Bc5 Re6 41. Ba7 Bxf3+ 42. Kxf3 Rde7 43. Bb8 Re3+ 44. Kg4 Rxc3 45. Be5+ Kg8 46. Rb6 Rc6 47. Rb3 Rh7 48. Rb1 Kf8 49. Re1 b5 50. axb6 Rxb6 0-1

[Event "45th Olympiad 2024"]
[Site "Budapest HUN"]
[Date "2024.09.16"]
[Round "6.67"]
[Board "1"]
[White "Al-Hajiri, Bader"]
[Black "Seder, Mohammed"]
[Result "0-1"]
[WhiteElo "1947"]
[BlackElo "2116"]
[PlyCount "72"]
[EventDate "2024.09.11"]
[WhiteTeam "Kuwait"]
[BlackTeam "Palestine"]
[WhiteTeamCountry "KUW"]
[BlackTeamCountry "PLE"]

1. e4 {Rogozenco,Dorian} c5 2. Nf3 Nc6 3. d4 cxd4 4. Nxd4 Nf6 5. Nc3 e5 6. Ndb5 d6 7. Bg5 a6 8. Na3 b5 9. Nd5 Be7 10. Bxf6 Bxf6 11. c4 ({RR} 11. c3) 11... b4 12. Nc2 Rb8 ({RR} 12... a5) 13. b3 Bg5 14. h4 ({RR} 14. g3 O-O 15. h4 ({RR} 15. Bg2 Be6) 15... Bh6 16. Bh3 Be6 17. Kf1 a5 18. Kg2 Rb7 ({RR} 18... Kh8 19. Qd3 Qd7 20. Bf5 g6 21. Bh3 Bxh3+ 22. Rxh3 f5 23. f3 fxe4 24. Qxe4 Qf5 25. Re1 Rb7 26. g4 Qxe4 27. Rxe4) ({RR} 18... Ne7) 19. Bf5 Kh8 20. Qd3 Nb8 21. Rad1 Na6 22. Qf3 g6 23. Bh3 f5 24. h5 fxe4 25. Qxe4 Nc5 26. Qe2 Bxd5+ 27. Rxd5 Rbf7 28. Rf1 gxh5 {1-0 Morozevich,A (2707)-Leko,P (2763) FIDE-Wch San Luis 2005 (9)}) 14... Bh6 15. g3 a5 $146 ({RR} 15... O-O 16. Bh3 Be6 17. Kf1 Qd7 18. Kg2 f5 19. exf5 Bxf5 20. Nce3 Bxh3+ 21. Rxh3 Rxf2+ 22. Kxf2 Qxh3 23. Qh1 Rf8+ 24. Ke2 Qxg3 25. Rg1 Qf2+ 26. Kd3 e4+ {0-1 Reis,G (2002)-Reimold,D (1919) GER-ch Net Amateur Gr-A Vor2 blitz 2020 (9)}) 16. Bh3 Bb7 17. Qf3 Ne7 18. Nce3 Bxd5 19. cxd5 Bxe3 20. Qxe3 O-O 21. Qd3 Nc8 22. Qa6 Qb6 23. Qxb6 Rxb6 24. Kd2 Na7 25. Rhc1 Nb5 26. Rc6 Rfb8 27. Kd3 Kf8 28. Rac1 Ke7 29. f4 f6 30. Be6 Rxc6 31. Rxc6 Rb7 32. Ra6 Ra7 33. Rb6 Nc3 34. a4 bxa3 35. fxe5 fxe5 36. Kc2 Rc7 0-1

[Event "45th Olympiad 2024"]
[Site "Budapest HUN"]
[Date "2024.09.16"]
[Round "6.67"]
[Board "2"]
[White "Michel Yunis, Christian D."]
[Black "Al Ibrahim, Abdulrahman"]
[Result "1-0"]
[WhiteElo "2220"]
[BlackElo "1932"]
[PlyCount "107"]
[EventDate "2024.09.11"]
[WhiteTeam "Palestine"]
[BlackTeam "Kuwait"]
[WhiteTeamCountry "PLE"]
[BlackTeamCountry "KUW"]

1. d4 d5 2. Nf3 Nf6 3. c4 e6 4. Bg5 dxc4 5. Qa4+ Nbd7 6. Nbd2 a6 7. Qxc4 c5 8. dxc5 Bxc5 9. Nb3 b5 10. Qc2 Bb4+ $146 ({RR} 10... Bb6 11. Rd1 Bb7 12. e3 Rc8 13. Qb1 h6 14. Bh4 Qe7 15. a3 e5 16. Nfd2 Qe6 17. Bd3 Qg4 18. Bg3 Bxg2 19. Bf5 Qh5 20. Rg1 Bh3 21. Ne4 Rc6 22. Bxh3 Qxh3 23. Rd6 Rxd6 24. Nxd6+ Kf8 25. Qc2 {0-1 Strutinskaya,G (2105)-Madaminov,M (2512) 17th Agzamov Mem 2024 (1.10)}) 11. Bd2 Bxd2+ 12. Qxd2 O-O 13. e3 Bb7 14. Be2 Rc8 15. O-O Nb6 16. Rfc1 Qxd2 17. Nbxd2 Na4 18. b4 Nc3 19. Kf1 Bd5 20. a3 Rfd8 21. Rc2 Nxe2 22. Rxc8 Rxc8 23. Kxe2 Rc3 24. a4 bxa4 25. Rxa4 Bc6 26. Ra2 Bb5+ 27. Kd1 Nd5 28. Rb2 Ra3 29. Ne1 Ra1+ 30. Nb1 Rxb1+ 31. Rxb1 Nc3+ 32. Kc2 Nxb1 33. Kxb1 Kf8 34. Kb2 Ke7 35. Kc3 Kd6 36. Nc2 Bf1 37. g3 Kd5 38. f3 e5 39. e4+ Kd6 40. Ne3 Bb5 41. Nf5+ Kc6 42. Nxg7 Be2 43. f4 Bf3 44. fxe5 Bxe4 45. e6 fxe6 46. Nxe6 Bg2 47. Nf4 Bf1 48. g4 Kb5 49. g5 Bc4 50. Nh5 Bf7 51. Nf6 Bg6 52. h4 Kc6 53. h5 Bf5 54. Nxh7 1-0

[Event "45th Olympiad 2024"]
[Site "Budapest HUN"]
[Date "2024.09.16"]
[Round "6.67"]
[Board "3"]
[White "Alsaqer, Meshal"]
[Black "Abdel Wahab, Ahmad"]
[Result "0-1"]
[WhiteElo "1815"]
[BlackElo "1995"]
[PlyCount "66"]
[EventDate "2024.09.11"]
[WhiteTeam "Kuwait"]
[BlackTeam "Palestine"]
[WhiteTeamCountry "KUW"]
[BlackTeamCountry "PLE"]

1. d4 d5 2. Nf3 e6 3. c4 a6 4. cxd5 exd5 5. g3 Nf6 6. Bg2 Bd6 7. Nc3 O-O 8. O-O h6 9. b3 c6 10. Bb2 Re8 11. Rc1 Bf5 12. Na4 $146 ({RR} 12. Nh4 Bh7 13. Bh3 Nbd7 14. Nf5 Bf8 15. Na4 Ne4 16. Ne3 Ndf6 17. Nc5 Qe7 18. Ng4 Ng5 19. Nxf6+ Qxf6 20. Bg2 Bxc5 21. Rxc5 Bf5 22. e3 Bh3 23. Bxh3 Nxh3+ 24. Kg2 Ng5 25. h4 Ne4 26. Rc2 Nd6 {0-1 Mordido,K (2045)-Ning,K (2247) Asian Continental op (Women) 17th 2018 (3)}) 12... Nbd7 13. Nc5 Rb8 14. e3 Qe7 15. b4 Ne4 16. Nd2 Ndf6 17. Ndxe4 Nxe4 18. Qe2 Nf6 19. a4 Ra8 20. Ba1 a5 21. b5 b6 22. Na6 Rec8 23. Qa2 cxb5 24. axb5 Bd3 25. Bxd5 Bxf1 26. Rxf1 Nxd5 27. Qxd5 Ra7 28. e4 Qe6 29. Qxe6 fxe6 30. Rd1 Ba3 31. d5 exd5 32. exd5 Rd7 33. Kf1 Rc1 0-1

[Event "45th Olympiad 2024"]
[Site "Budapest HUN"]
[Date "2024.09.16"]
[Round "6.67"]
[Board "4"]
[White "Miswadah, Baha"]
[Black "Alabdaljader, Mohammed"]
[Result "1-0"]
[WhiteElo "1957"]
[BlackElo "1677"]
[PlyCount "99"]
[EventDate "2024.09.11"]
[WhiteTeam "Palestine"]
[BlackTeam "Kuwait"]
[WhiteTeamCountry "PLE"]
[BlackTeamCountry "KUW"]

1. d4 Nf6 2. Bf4 d5 3. e3 e6 4. Nf3 c5 5. c3 Nc6 6. Nbd2 cxd4 7. exd4 Nh5 8. Be5 f6 9. Bg3 Bd6 ({RR} 9... g6 10. Be2 Bg7 11. O-O O-O 12. Qb3 Kh8 13. Rad1 b6 14. Rfe1 Bb7 15. Bb5 Qd7 16. Qa3 Nxg3 17. hxg3 a6 18. Bf1 Rfe8 19. Qb3 Qc7 20. g4 e5 21. dxe5 Na5 22. Qc2 fxe5 23. Nb3 Nc4 24. Nbd2 {0-1 Wang,Y (2699)-Le,Q (2739) Asia-chT blitz 5th 2017 (4.1)}) 10. Bxd6 Qxd6 11. Nh4 $146 ({RR} 11. g3 O-O 12. Bg2 g6 13. O-O Bd7 14. Re1 Rad8 15. Rc1 Bc8 16. a3 e5 17. dxe5 fxe5 18. Qb3 Kh8 19. Re2 e4 20. Nd4 Nxd4 21. cxd4 Qf6 22. Qe3 Ng7 23. Nb3 Bg4 24. Rec2 Nf5 25. Qf4 Bh5 {1-0 Askarov,B (2315)-Anton Guijarro,D (2669) Titled Tue 11th Jun Early 2024 (8)}) ({RR} 11. Bb5 O-O 12. O-O a6 13. Ba4 Bd7 14. Re1 Nf4 15. Nf1 b5 16. Bb3 Na5 17. Ng3 Rfc8 18. Nf1 b4 19. g3 Ng6 20. cxb4 Qxb4 21. Re3 Ne7 22. Qe1 Qxe1 23. Raxe1 Nf5 24. Rc3 Rxc3 25. bxc3 Rc8 {½-½ Burcu,C (2301)-Haldorsen,B (2408) Fagernes TV2 GM op 2018 (4)}) 11... g6 12. g3 O-O 13. Bd3 Ne7 14. Qe2 Ng7 15. f4 Bd7 16. Ndf3 Nc6 17. Ng2 Rae8 18. O-O-O Qc7 19. Kb1 e5 20. dxe5 fxe5 21. Nxe5 Nxe5 22. fxe5 Rxe5 23. Qd2 Rf3 24. Bc2 Ne6 25. Rhf1 Ng5 26. Nf4 Rxf1 27. Rxf1 Qc5 28. Bb3 Bf5+ 29. Ka1 Be4 30. h4 Nf3 31. Qd1 Kh8 32. a3 Qb5 33. a4 Qb6 34. Ka2 Qe3 35. Nd3 Re7 36. Nb4 Rf7 37. Nxd5 Qc5 38. Nf4 Ne5 39. Bxf7 Nxf7 40. Qd4+ Qxd4 41. cxd4 Nd6 42. b3 Nf5 43. Ne6 Bd5 44. Nc7 Be4 45. Rf4 Bg2 46. d5 Kg7 47. h5 Kf6 48. g4 Ke5 49. gxf5 Kxf4 50. f6 1-0

[Event "45th Olympiad 2024"]
[Site "Budapest HUN"]
[Date "2024.09.16"]
[Round "6.68"]
[Board "1"]
[White "Mathurin, Nathaniel"]
[Black "KIGIGHA, Bomo Lovet"]
[Result "0-1"]
[WhiteElo "1982"]
[BlackElo "2217"]
[PlyCount "86"]
[EventDate "2024.09.11"]
[WhiteTeam "Saint Lucia"]
[BlackTeam "Nigeria"]
[BlackTeamCountry "NGR"]

1. d4 Nf6 2. Nf3 e6 3. c4 Bb4+ 4. Nbd2 b6 5. a3 Bxd2+ 6. Qxd2 Bb7 7. g3 O-O 8. Bg2 d6 9. O-O Qc8 $146 ({RR} 9... Qe7 10. b4 Nbd7 11. Bb2 Ne4 12. Qc2 f5 13. Ne1 c5 14. dxc5 bxc5 15. Nf3 Ndf6 16. b5 Rad8 17. a4 e5 18. Ra3 g5 19. Nd2 Nxd2 20. Qxd2 f4 21. Qc2 Bxg2 22. Kxg2 Qe6 23. a5 Rd7 24. a6 {½-½ Bilek,M (2225)-Hecht,H (2475) Bundesliga 1980/81 (15.3)}) ({RR} 9... a5 10. b3 Nbd7 11. Bb2 Be4 12. Rfe1 Qe7 13. Rad1 Rfd8 14. Qc1 Rab8 15. Bf1 c5 16. Nd2 Bc6 17. e4 cxd4 18. Bxd4 e5 19. Bc3 Nc5 20. Qc2 Qb7 21. f3 Nfd7 22. Be2 Ne6 23. a4 Ndc5 24. Nf1 {1-0 Dubov,D (2666)-Moskalenko,A (2531) RUS-ch blitz 2017 (14)}) ({RR} 9... Be4 10. b4 Nbd7 11. Bb2 Qe7 12. Rac1 a5 13. b5 Rfe8 14. Rfd1 a4 15. Bh3 h6 16. Qb4 Bxf3 17. exf3 e5 18. Re1 Qf8 19. Kg2 exd4 20. Bxd4 Nc5 21. Rcd1 Rxe1 22. Qxe1 Re8 23. Qb4 Qe7 24. Bxc5 {1-0 Akobian,V (2571)-Radzhabov,R (2240) Titled Tue 23rd Apr Early 2024 (3)}) ({RR} 9... c5 10. b3 Nc6 11. Rd1 Qe7 12. dxc5 dxc5 13. Bb2 Rfd8 14. Qc2 h6 15. e3 Rxd1+ 16. Rxd1 Rd8 17. Rxd8+ Qxd8 18. Ne5 Qc7 19. Nd3 Ne7 20. Bxb7 Qxb7 21. Bxf6 gxf6 22. b4 Qe4 23. bxc5 bxc5 24. Qc3 {½-½ Percivaldi,M (2384)-Dumas,C (2245) DEN-chT 1920 58th 2019 (7.4)}) ({RR} 9... Qe7 10. b4 Nbd7 11. Bb2 Be4 12. Rac1 c6 13. Rfd1 Rac8 14. Bf1 b5 15. Nh4 d5 16. f3 Bg6 17. Nxg6 hxg6 18. cxb5 cxb5 19. e3 a6 20. Rxc8 Rxc8 21. a4 bxa4 22. Bxa6 Rc7 23. b5 Nb6 24. Bc3 {½-½ Tuominen,R-Jouhki,Y FIN-ch U18 Vantaa 1991}) 10. b4 Nbd7 11. Bb2 Be4 12. Rfd1 Qb7 13. Qc3 Rac8 14. Rac1 h6 15. c5 Qc6 16. d5 Bxd5 17. Nd4 Qa8 18. c6 Bxg2 19. cxd7 Bh3 20. Nc6 Rcd8 21. g4 Bxg4 22. Qg3 e5 23. Nxd8 Qxd8 24. f4 Bxe2 25. fxe5 Nh5 26. Qh3 Qg5+ 27. Kf2 Bg4 28. Qe3 Qf5+ 29. Kg1 Bxd1 30. exd6 Qxd7 31. dxc7 Bg4 32. Qd4 Qxd4+ 33. Bxd4 Nf4 34. Rc4 b5 35. c8=Q Bxc8 36. Rc2 Bf5 37. Ra2 a6 38. Kf2 Be6 39. Ra1 Rc8 40. Ke3 Rc4 41. Rf1 g5 42. Ra1 Nd5+ 43. Ke4 Ne7 0-1

[Event "45th Olympiad 2024"]
[Site "Budapest HUN"]
[Date "2024.09.16"]
[Round "6.68"]
[Board "2"]
[White "OSUNFUYI, Abimbola"]
[Black "James, Justin"]
[Result "1-0"]
[WhiteElo "2164"]
[BlackElo "1745"]
[PlyCount "83"]
[EventDate "2024.09.11"]
[WhiteTeam "Nigeria"]
[BlackTeam "Saint Lucia"]
[WhiteTeamCountry "NGR"]

1. Nf3 d5 2. c4 c6 3. e3 Nf6 4. Nc3 e6 5. Qc2 Be7 6. b3 Nbd7 7. Bb2 O-O 8. Be2 Re8 9. Rg1 $146 ({RR} 9. g4 Nf8 10. g5 N6d7 11. h4 f6 12. gxf6 Bxf6 13. O-O-O Nb6 14. d4 a5 15. Bd3 a4 16. Rdg1 axb3 17. axb3 Qe7 18. Ng5 h6 19. Bh7+ Kh8 20. Bg6 dxc4 21. Nf7+ Kg8 22. Nxh6+ Kh8 23. Nf7+ Kg8 {1-0 Liesmann,K (1959)-Klein,B (1970) Muensterland Verbandsliga 0910 2009 (9.2)}) 9... a6 10. g4 Nf8 11. g5 N6d7 12. h4 b5 13. h5 Bb7 14. Bd3 e5 15. g6 fxg6 16. hxg6 h6 17. Bf5 Bf6 18. d3 Nb6 19. Ne2 Bc8 20. Ng3 Bxf5 21. Nxf5 Qd7 22. e4 d4 23. Nh2 Nc8 24. Ng4 Bg5 25. Bc1 Bxc1 26. Qxc1 Nd6 27. Nfxh6+ gxh6 28. Nf6+ Kg7 29. Nxd7 Nxd7 30. cxb5 Nxb5 31. Rh1 Rh8 32. Qxc6 Ra7 33. Qe6 Nf6 34. Qxe5 Rc7 35. a4 Rhc8 36. Qf4 Ng8 37. axb5 axb5 38. Qe5+ Nf6 39. Ra6 Rc1+ 40. Ke2 R1c2+ 41. Kf3 Rf8 42. Ra7+ 1-0

[Event "45th Olympiad 2024"]
[Site "Budapest HUN"]
[Date "2024.09.16"]
[Round "6.68"]
[Board "3"]
[White "Elizee, Kaieem"]
[Black "Ofowino, Toritsemuwa"]
[Result "1/2-1/2"]
[WhiteElo "1701"]
[BlackElo "2020"]
[PlyCount "171"]
[EventDate "2024.09.11"]
[WhiteTeam "Saint Lucia"]
[BlackTeam "Nigeria"]
[BlackTeamCountry "NGR"]

1. c4 c6 2. Nc3 d5 3. cxd5 cxd5 4. d4 Nf6 5. Nf3 Nc6 6. Bf4 a6 7. e3 Bg4 8. Be2 e6 9. O-O Bd6 10. Bxd6 Qxd6 11. Rc1 O-O 12. h3 ({RR} 12. Nd2 Bxe2 13. Qxe2 {½-½ Georgiev,V (2563)-Goloshchapov,A (2569) Mulhouse GM 2004 (4)}) 12... Bh5 13. Na4 Nd7 14. a3 a5 $146 ({RR} 14... Rac8 15. Qd2 Rc7 16. Rc2 Rfc8 17. Rfc1 h6 18. Nc5 Nxc5 19. Rxc5 Bxf3 20. Bxf3 b6 21. R5c2 Na5 22. Qd3 Nc4 23. Be2 Nxb2 24. Qb3 Rxc2 25. Rxc2 Rxc2 26. Qxc2 Qxa3 27. Qc8+ Kh7 28. Qb7 Qa1+ 29. Kh2 {0-1 Gutierrez Anaya,Y (2138)-Kucuksari,K (2465) Titled Tue 30th Jan Early 2024 (2)}) 15. Qd2 Bxf3 16. Bxf3 b5 17. Nc5 Nb6 18. b3 b4 19. a4 Nd7 20. Rfe1 Rac8 21. g3 Ne7 22. Nd3 Qb6 23. Bg2 Nf5 24. Rxc8 Rxc8 25. Rc1 Qb7 26. Rc2 Nd6 27. Qc1 Rxc2 28. Qxc2 Qc8 29. Qxc8+ Nxc8 30. Kf1 Kf8 31. Ke2 Ke7 32. h4 Kd6 33. f4 f6 34. Bh3 Ncb6 35. Kd2 Nc8 36. Ke2 Ke7 37. Kf3 Nd6 38. Nf2 f5 39. Bf1 Nf6 40. Bd3 h6 41. Ke2 Nf7 42. Kf3 Nd6 43. Ke2 Nh7 44. Kf3 Kf6 45. Ke2 g6 46. Kf3 Kg7 47. Bc2 Kf6 48. Bd3 g5 49. hxg5+ hxg5 50. Ke2 Kg6 51. Kf3 Nf6 52. Kg2 Kh5 53. Be2+ Kg6 54. Bd3 Kh6 55. Kh3 Kh5 56. Be2+ g4+ 57. Kg2 Nfe4 58. Bd3 Nc3 59. Kf1 Kh6 60. Ke1 Kg7 61. Kd2 Kf6 62. Kc2 Ke7 63. Kd2 Kd7 64. Kc2 Ne8 65. Kd2 Nf6 66. Bc2 Nh5 67. Nh1 Kd6 68. Ke1 Ke7 69. Kf2 Nf6 70. Ke1 Kf7 71. Nf2 Nh5 72. Nh1 Ke7 73. Kd2 Ne4+ 74. Bxe4 dxe4 75. Kc2 Kd6 76. Kd2 Nf6 77. Nf2 Nd5 78. Nd1 Nb6 79. Nb2 Kc6 80. Nc4 Nxc4+ 81. bxc4 Kd6 82. Kc2 Kc6 83. Kb3 Kd6 84. Kc2 Kc6 85. Kb3 Kd6 86. Kc2 1/2-1/2

[Event "45th Olympiad 2024"]
[Site "Budapest HUN"]
[Date "2024.09.16"]
[Round "6.68"]
[Board "4"]
[White "Quickpen, Deborah Ebimobo-Ere"]
[Black "Daniel, Cyrus"]
[Result "1-0"]
[WhiteElo "1918"]
[BlackElo "1759"]
[PlyCount "121"]
[EventDate "2024.09.11"]
[WhiteTeam "Nigeria"]
[BlackTeam "Saint Lucia"]
[WhiteTeamCountry "NGR"]

1. e4 e5 2. Nf3 Nc6 3. Bb5 a6 4. Ba4 Nf6 5. d3 b5 6. Bb3 Be7 7. O-O O-O 8. Nbd2 d6 ({RR} 8... d5 9. exd5 Nxd5 10. Re1 Bf6 11. Ne4 Be6 12. Nfg5 Bxg5 13. Nxg5 Bf5 14. Qf3 Nde7 15. c3 Qxd3 16. Re3 Qd6 17. Nxf7 Rxf7 18. Bxf7+ Kxf7 19. g4 Qg6 20. h3 Kg8 21. Rxe5 Rf8 22. Re1 h5 23. Qg3 {0-1 Arnold,K-Sanchez Alvares,K (2236) Titled Tue 28th Nov Late 2023 (11)}) 9. Re1 ({RR} 9. a3 Bb7 10. Re1 Qd7 11. c3 Rfe8 12. d4 Bf8 13. h3 Rad8 14. Bc2 d5 15. exd5 Nxd5 16. dxe5 Nf4 17. Re4 Nd3 18. Qe2 Ncxe5 19. Nxe5 Nxc1 20. Qh5 Rxe5 21. Rxe5 g6 22. Qd1 Nd3 23. Ne4 Bg7 {½-½ Efimenko,Z (2632)-Svetushkin,D (2532) Netanya op 2019 (5)}) 9... Na5 10. Nf1 c5 11. Ng3 $146 ({RR} 11. Bd2 Nxb3 12. axb3 Bb7 13. Ng3 g6 14. Qe2 Nd7 15. Bh6 Re8 16. Qd2 Nf8 17. Bg5 f6 18. Be3 d5 19. Qa5 Qd7 20. c4 dxc4 21. dxc4 Ne6 22. Red1 Qc6 23. Qc3 Red8 24. Ne1 Rac8 25. f3 Nd4 {0-1 Jakypov,A-Jeenbekov,N KGZ-ch Bishkek 2010 (1)}) ({RR} 11. c3 Bb7 12. Bc2 Nc6 13. Ng3 Re8 14. Nf5 Bf8 15. Bg5 Bc8 16. N3h4 h6 17. Be3 Ne7 18. Ng3 Ng4 19. Bd2 g6 20. h3 Nf6 21. Qc1 Kh7 22. f4 exf4 23. Bxf4 g5 24. Bxg5 hxg5 25. Qxg5 Neg8 {1-0 Clayton,T (1825)-Hossain,F (1710) Gatwick e2e4 op U1950 2013 (2)}) 11... Bd7 12. Bd2 Nxb3 13. axb3 b4 14. Qe2 Ne8 15. Ra2 Nc7 16. Rea1 Bc6 17. Nf5 Bf6 18. h4 g6 19. Nh6+ Kh8 20. Bg5 Bb7 21. Ng4 Bxg5 22. hxg5 Ne6 23. Qe3 Nf4 24. g3 Nh5 25. Kg2 Bc8 26. Nh6 Qe7 27. Nd2 f6 28. Nc4 Rb8 29. gxf6 Qxf6 30. Rh1 Kg7 31. f3 Kh8 32. Ng4 Qe7 33. Raa1 Rf7 34. Qh6 Bxg4 35. fxg4 Nf6 36. Ne3 Qe6 37. Qxg6 Rg8 38. Qf5 Qe8 39. Raf1 Rgf8 40. Nc4 Qe7 41. g5 Ne8 42. Rxh7+ Kg8 43. Qg6+ Ng7 44. Rxf7 Qxf7 45. Qxf7+ Rxf7 46. Rh6 Re7 47. Nxd6 Re6 48. Nc4 Kf7 49. Nd6+ Kg8 50. c3 Re7 51. Nc4 Ne6 52. Nxe5 Nxg5 53. Rg6+ Rg7 54. Rxa6 bxc3 55. bxc3 Kh7 56. b4 cxb4 57. cxb4 Rb7 58. Nc6 Rd7 59. Ra7 Rxa7 60. Nxa7 Ne6 61. Nc6 1-0

[Event "45th Olympiad 2024"]
[Site "Budapest HUN"]
[Date "2024.09.16"]
[Round "6.69"]
[Board "1"]
[White "Sihlongonyane, Sikhanyiso"]
[Black "Mesfin, Leykun"]
[Result "0-1"]
[WhiteElo "1813"]
[BlackElo "2118"]
[PlyCount "192"]
[EventDate "2024.09.11"]
[WhiteTeam "Eswatini"]
[BlackTeam "Ethiopia"]
[BlackTeamCountry "ETH"]

1. e4 c5 2. Nf3 Nc6 3. d4 cxd4 4. Nxd4 e5 5. Nb5 d6 6. c4 a6 7. N5a3 Nf6 8. Nc3 Be7 9. Nc2 O-O 10. Be2 Nd7 ({RR} 10... Be6 11. O-O Rc8 12. b3 b5 13. cxb5 axb5 14. Bxb5 Na7 15. Qd3 Rxc3 16. Qxc3 Nxb5 17. Qd3 Qb8 18. a4 Nc7 19. b4 Qb7 20. Bg5 d5 21. exd5 Ncxd5 22. b5 h6 23. Bxf6 Bxf6 24. Qe4 Qb8 25. Ne3 {0-1 Durarbayli,V (2590)-Naiditsch,A (2705) Wch Blitz 8th 2014 (21)}) 11. O-O Nc5 12. Be3 Bg5 $146 ({RR} 12... Ne6 13. Nd5 Bg5 14. Bb6 Qd7 15. Bg4 g6 16. Be3 Qd8 17. Bb6 Qd7 18. Qd3 f5 19. exf5 Nf4 20. Nxf4 Bxf4 21. Ne3 gxf5 22. Bh3 e4 23. Qd5+ Kh8 24. Rad1 Be5 25. f3 Qe7 26. fxe4 Be6 27. Qd3 {0-1 Beatrea,P (1862)-Ynojosa Aponte,F (2393) Pan American Intercollegiate-chT rapid 2021 (4)}) 13. Bxg5 Qxg5 14. Qxd6 Bh3 15. Bf3 Ne6 16. Qd1 Rad8 17. Nd5 f5 18. Kh1 fxe4 19. Bxe4 Bg4 20. f3 Bh5 21. Qc1 Nf4 22. g3 Ne6 23. Qxg5 Nxg5 24. Kg2 Nxe4 25. fxe4 Be2 26. Rxf8+ Rxf8 27. Nc3 Bxc4 28. Ne3 Be6 29. Rf1 Rd8 30. Ned5 h6 31. Rf2 Rd7 32. h3 Nd4 33. Rd2 Rf7 34. g4 Nf3 35. Re2 Nh4+ 36. Kg1 Rf3 37. Re3 Rf7 38. Re2 Ng6 39. Rf2 Nf4 40. Nxf4 exf4 41. Rd2 Kh7 42. Kf2 g5 43. Kf3 Kg7 44. h4 Kf6 45. Rh2 Rd7 46. hxg5+ hxg5 47. Rh6+ Ke5 48. Rg6 Rd3+ 49. Kf2 Rd2+ 50. Kf3 Rd3+ 51. Kf2 f3 52. Kg3 b5 53. a3 f2+ 54. Kxf2 Rd2+ 55. Ke3 Rxb2 56. Rxg5+ Kf6 57. Rc5 Rb3 58. Kf4 Rxa3 59. g5+ Ke7 60. Ke5 b4 61. Ne2 b3 62. Rc7+ Kd8 63. Rb7 Bc4 64. Nd4 Kc8 65. Rb4 Bg8 66. Kd6 Ra1 67. Rb6 Rd1 68. Kc5 Rc1+ 69. Kd6 a5 70. Nxb3 Rd1+ 71. Kc5 a4 72. Nd4 a3 73. Ra6 a2 74. g6 a1=Q 75. Rxa1 Rxa1 76. Kd6 Rd1 77. Ke5 Kd7 78. Nf5 Ke8 79. Kf6 Rf1 80. Kg7 Ba2 81. Nd6+ Kd7 82. Nf5 Rf4 83. Kh7 Rxe4 84. g7 Rf4 85. Nh6 Rh4 86. Kg6 Ke8 87. g8=Q+ Bxg8 88. Nxg8 Rg4+ 89. Kh7 Rg5 90. Nh6 Kf8 91. Kh8 Ke7 92. Kh7 Ke6 93. Kh8 Kf6 94. Ng8+ Kf7 95. Nh6+ Kg6 96. Ng8 Rh5+ 0-1

[Event "45th Olympiad 2024"]
[Site "Budapest HUN"]
[Date "2024.09.16"]
[Round "6.69"]
[Board "2"]
[White "Birhanu, Tegegn Mehadem"]
[Black "Dlamini Simphiwe"]
[Result "0-1"]
[WhiteElo "2077"]
[BlackElo "1747"]
[PlyCount "120"]
[EventDate "2024.09.11"]
[WhiteTeam "Ethiopia"]
[BlackTeam "Eswatini"]
[WhiteTeamCountry "ETH"]

1. d4 Nf6 2. c4 e6 3. Nc3 Bb4 4. Qc2 b6 5. Bg5 Bb7 ({RR} 5... c5 6. dxc5 bxc5 7. a3 Ba5 8. e3 h6 9. Bh4 Bb7 10. O-O-O O-O 11. f3 Qe7 12. Bd3 d5 13. Nge2 Nbd7 14. Rhg1 Ne5 15. cxd5 exd5 16. Ng3 g6 17. Ba6 Bc6 18. Nxd5 Bxd5 19. Bxf6 Qxf6 20. Rxd5 {½-½ Saydaliev,S (2384)-Vokhidov,S (2512) UZB-ch Tashkent 2020 (1)}) 6. a3 ({RR} 6. e4 Bxe4 7. Qb3 Nc6 8. Nge2 Qe7 9. f3 Bd3 10. O-O-O Na5 11. Qa4 Bxc4 12. Bxf6 gxf6 13. a3 Bxc3 14. Nxc3 Bb3 15. Qb4 Bxd1 16. Qxe7+ Kxe7 17. Kxd1 d5 18. Bd3 c5 19. Re1 Rhd8 20. dxc5 bxc5 {0-1 Garza,A-Graif,W (2333) Pan American Intercollegiate-chT 2022 (1.4)}) 6... Be7 7. Nf3 h6 8. Bh4 $146 ({RR} 8. Bf4 d6 9. e4 O-O 10. Bd3 Re8 11. O-O Nbd7 12. Rad1 Nh5 13. Be3 e5 14. dxe5 dxe5 15. Nxe5 Nxe5 16. Be2 Qc8 17. Bxh5 Nxc4 18. Qb3 Qe6 19. Rd4 Nxe3 20. Qxe6 fxe6 21. fxe3 Rf8 22. Re1 Rad8 {½-½ Hielscher,U (1771)-Haase,G (1946) Sao Martinho do Porto op 1st 2018 (4)}) 8... d5 9. cxd5 exd5 10. e3 O-O 11. Be2 c5 12. O-O Ne4 13. Bxe7 Qxe7 14. Rad1 Nd7 15. Bb5 Ndf6 16. dxc5 Qxc5 17. Nd4 Nxc3 18. Qxc3 Qxc3 19. bxc3 Rac8 20. Rc1 Ne4 21. Ne2 Rc5 22. Bd3 Rfc8 23. f3 Nxc3 24. Nd4 Na4 25. Nb3 Rc3 26. Bf5 R8c4 27. Rb1 Nc5 28. Nd4 Rxe3 29. Nb5 g6 30. Bh3 Ra4 31. Rfc1 Bc6 32. Nxa7 Rxa7 33. Rxb6 Nd3 34. Rbxc6 Nxc1 35. Rxc1 Rexa3 36. Rc8+ Kg7 37. Kf2 h5 38. Rd8 R7a5 39. Bc8 Ra8 40. Re8 Rc3 41. Bd7 Rxe8 42. Bxe8 d4 43. Bb5 Rc2+ 44. Kg3 g5 45. h4 gxh4+ 46. Kxh4 Rxg2 47. Kxh5 f6 48. Kh4 Rg5 49. Bd3 Kf7 50. Kh3 Ke6 51. f4 Rg7 52. Be4 Kd6 53. Bd3 Kc5 54. f5 Kb4 55. Be4 Kc3 56. Bf3 Kd3 57. Bd1 Ke4 58. Be2 d3 59. Bf1 Kf3 60. Kh4 Rh7# 0-1

[Event "45th Olympiad 2024"]
[Site "Budapest HUN"]
[Date "2024.09.16"]
[Round "6.69"]
[Board "3"]
[White "Mbongeni, Mabuza"]
[Black "Kebede, Yoseph Kifle"]
[Result "1/2-1/2"]
[WhiteElo "1784"]
[BlackElo "2037"]
[PlyCount "61"]
[EventDate "2024.09.11"]
[WhiteTeam "Eswatini"]
[BlackTeam "Ethiopia"]
[BlackTeamCountry "ETH"]

1. d4 d5 2. c4 e6 3. Nf3 Nf6 4. g3 dxc4 5. Bg2 Nc6 6. O-O Rb8 7. a4 b6 8. Na3 Bxa3 9. Rxa3 O-O 10. Re1 ({RR} 10. Bf4 Nd5 11. Bg5 f6 12. Bc1 Na5 13. Bd2 Nb3 14. e4 Nxd2 15. Nxd2 Nb4 16. Nxc4 Ba6 17. Rc3 Qe7 18. b3 Rfd8 19. Re1 Rd7 20. d5 Rbd8 21. Bh3 c6 22. d6 Rxd6 23. Nxd6 Rxd6 24. Qg4 Bc8 {1-0 Goncharov,V (2077)-Bruyatskaya,M (2111) Titled Tue 27th Aug Early 2024 (8)}) 10... Bb7 11. Bg5 $146 ({RR} 11. e4 Qc8 12. Qc2 Ba6 13. Bd2 Ne7 14. Bg5 c5 15. d5 h6 16. Bxf6 gxf6 17. Qd2 Kh7 18. Qf4 Kg7 19. Qg4+ Ng6 20. h4 exd5 21. Qxc8 Rbxc8 22. exd5 h5 23. Rae3 Rfd8 24. Rd1 Rd6 25. Ne1 Rcd8 {½-½ Reinecke,K (1887)-Jaeger,M (1915) Rainer Radtke Mem 2023 (5.9)}) 11... h6 12. Bxf6 Qxf6 13. e3 a6 14. Nd2 e5 15. d5 Nb4 16. Nxc4 Rfd8 17. e4 a5 18. Rc3 Ba6 19. Ne3 c6 20. Bf1 Bxf1 21. Kxf1 cxd5 22. exd5 e4 23. Qg4 Nxd5 24. Nxd5 Rxd5 25. Rxe4 Rd2 26. Rf4 Qd8 27. Qf5 Rd1+ 28. Kg2 Qd5+ 29. Qxd5 Rxd5 30. Rc7 f5 31. b4 1/2-1/2